1593 1580 1179 1915 1616 1300 1554 1608 1904 1695 1321 1871 1818 1124 1524 1967 1614 1627 1626 1595 1601 1745 1363 1464 1276 1241 1348 1621 1213 1422 1954 1854 1935 1360 1021 1803 1851 1777 1901 1481 1400 1775 1836 1914 1140 1785 1724 1661 1118 1220 1976 1762 1570 1039 1780 1648 1243 1928 1818 1126 1177 1051 1550 1561 1733 1808 1803 1536 1107 1844 1096 1066 1914 1417 1837 1689 1454 1917 1452 1672 1258 1895 1048 1434 1005 1042 1769 1441 1104 1414 1401 1956 1843 1859 1349 1480 1009 1668 1806 BCNSPRNW ULIB Ver.6.0+V

เปลี่ยนเป็นภาษาไทย

Change to English
 แสดงรายละเอียดบรรณานุกรม
  กลับหน้าหลัก

Brief Record : Get Marc (ISO 2709) : E-mail record : QR code < ปิดหน้าต่าง
LEADER : 00000nas 2200000uu 4500
001    13399124969
003     ULIB
008    160526s||||||||th 000 0 tha d
022 0  1905-7075
110 1  สำนักงานวารสาร ศูนย์อนามัยที่ 9 นครราชสีมา
245 00 วารสารศูนย์อนามัยที่ 9
246 0  วารสารส่งเสริมสุขภาพและอนามัยสิ่งแวดล้อม
310    ^aรายสี่เดือน
850 ^a ULIB^bปีที่ 9 ฉบับที่ 20 ฉ.1 ;ปีที่ 10 ฉบับที่ 21 ฉ.1 ;ปีที่ 10 ฉบับที่ 22 ฉ.1 ;ปีที่ 10 ฉบับที่ 23 ฉ.1 ;ปีที่ 11 ฉบับที่ 24 ฉ.1
856    http://hpc9.anamai.moph.go.th/main.php?filename=Strategic_Plan_05
945    ^p0^l0^i903818
945    ^p0^l0^i904023
945    ^p0^l0^i904055
945    ^p0^l0^i904427
945    ^p0^l0^i904617
999    ^aวรรณษา ชูชัยมงคล
รายการนี้ยังไม่มีแท็ก
คุณยังไม่ได้ล็อกอิน คุณสามารถมีกิจกรรมร่วมกับเว็บไซต์ได้ แต่ต้องล็อกอินก่อน ::
  ล็อกอิน

รายการสื่อสารสนเทศ (วารสาร)

ดูแบบ: กล่อง รายการ
ARRIVED
ปีที่ 9 ฉบับที่ 20 ฉ.1
สถานที่: ห้องสมุดวิทยาเขตสวรรค์ประชารักษ์ >หนังสือพิมพ์
ARRIVED
ปีที่ 10 ฉบับที่ 21 ฉ.1
สถานที่: ห้องสมุดวิทยาเขตสวรรค์ประชารักษ์ >หนังสือพิมพ์
ARRIVED
ปีที่ 10 ฉบับที่ 22 ฉ.1
สถานที่: ห้องสมุดวิทยาเขตสวรรค์ประชารักษ์ >หนังสือพิมพ์
ARRIVED
ปีที่ 10 ฉบับที่ 23 ฉ.1
สถานที่: ห้องสมุดวิทยาเขตสวรรค์ประชารักษ์ >หนังสือพิมพ์
ARRIVED
ปีที่ 11 ฉบับที่ 24 ฉ.1
สถานที่: ห้องสมุดวิทยาเขตสวรรค์ประชารักษ์ >วารสาร
รายการใกล้เคียง
    ชื่อเรื่อง [วารสารศูนย์อนามัยที่ 9]

BibComment


ยังไม่เคยถูกคอมเมนท์

คอมเมนท์ทรัพยากรรายการนี้
  คอมเมนท์: วารสารศูนย์อนามัย..


 Copyright 2026. Bcnsprnw @Library